Wagner Operas - Statistics

General Stats
  • This quiz has been taken 142 times
  • The average score is 8 of 13
Answer Stats
Hint Answer % Correct
1882 Parsifal
81%
1859 Tristan und Isolde
81%
1876 Siegfried
78%
1856 Die Walküre
75%
1850 Lohengrin
72%
1876 Götterdämmerung
71%
1854 Das Rheingold
65%
1843 Der fliegende Holländer
64%
1845 Tannhauser
63%
1868 Die Meistersinger von Nürnberg
54%
1842 Rienzi
53%
1833 Die Feen
34%
1836 Das Liebesverbot
26%
No matching quizzes found
Score Distribution
Percent of People with Each Score
Percentile by Number Answered
Your Score History
You have not taken this quiz